LEA feat. Wincent Weiss - Blicke Songtext/Liedtext - Statistiken

Allgemein
  • Dieses Quiz wurde 7 mal gespielt
  • Das Durchschnittsergebnis liegt bei 236 aus 356
Antwortstatistiken
Antwort % Korrekt
Blicke
100%
Das
100%
das
100%
Du
100%
du
100%
Ich
100%
ich
100%
mir
100%
Mir
100%
Nicht
100%
Sie
100%
sie
100%
Und
100%
und
100%
Wirfst
100%
wirfst
100%
Zu
100%
Augen
80%
Bedeutet
80%
Dafür
80%
dafür
80%
Ein
80%
Es
80%
es
80%
Fang
80%
fang
80%
Fühlst
80%
fühlst
80%
Ist
80%
Nichts
80%
So
80%
so
80%
Versuch
80%
was
80%
Was
80%
Wie
80%
wie
80%
Augenblick
60%
Dass
60%
dass
60%
dasselbe
60%
Dasselbe
60%
Den
60%
den
60%
Doch
60%
Ey
60%
Fangen
60%
In
60%
Lang
60%
Merk
60%
mit
60%
Mit
60%
Siehst
60%
siehst
60%
Bekannt
40%
bekannt
40%
Deinen
40%
deinen
40%
Durch
40%
durch
40%
Fängt
40%
Flimmern
40%
gern
40%
Gern
40%
grade
40%
Grade
40%
Hier
40%
Hunderten
40%
hunderten
40%
Ihn
40%
Kommst
40%
Leuten
40%
Lieblingsbar
40%
Meiner
40%
meiner
40%
Oh
40%
oh
40%
Rauch
40%
Raum
40%
Sehn
40%
sehn
40%
stehst
40%
Stehst
40%
Unsre
40%
Unter
40%
unter
40%
viel
40%
Von
40%
von
40%
Vor
40%
Würd
40%
würd
40%
An
20%
an
20%
etwas
20%
Folgen
20%
folgen
20%
Gerne
20%
Ihnen
20%
Vielleicht
20%
Würds
20%
würds
20%
Keine übereinstimmenden Quizze gefunden
Verteilung der Resultate
Anzahl Personen mit jedem Resultat
Perzentil nach korrekt beantworteten Fragen
Ihre Resultats-Entwicklung
Sie haben dieses Quiz noch nicht gespielt